Les symboles des ensembles de nombres - Statistiques

Statistiques générales
  • Ce quiz a été pris 55 fois
  • Le résultat moyen est 5 sur 5
Statistiques - réponses
Ensemble Lettre % Correct
Entier naturel N
100%
Réel R
100%
Décimal D
98%
Rationnel Q
96%
Entier relatif Z
94%
Aucun quiz correspondant
Distribution des résultats
% des personnes avec chaque résultat
Percentile par nombre de réponses
Votre historique - résultats
Vous n’avez pas pris ce quiz